| 000 | 00600nam a2200181Ia 4500 | ||
|---|---|---|---|
| 999 |
_c6639 _d6639 |
||
| 020 | _a9788180694509 | ||
| 082 | _a385.20954792 RAN-I | ||
| 100 | _aRanade, Prabha Shastri | ||
| 245 | 0 | _aInfrastructure development and its environmental impact: study of Konkan railway | |
| 260 |
_aNew Delhi _bConcept Publishing _c2009 |
||
| 300 | _axvi, 270 | ||
| 504 | _aincludes bibliography and index | ||
| 650 | _aKonkan railway | ||
| 650 |
_aRailways _vEnvironmental aspects _vKonkan _vIndia |
||
| 650 |
_aRailways and state _vIndia _vKonkan |
||
| 650 |
_aInfrastructure (Economics) _vIndia _vKonkan |
||
| 942 | _cBK | ||